| 000 | 00406nam a22001577a 4500 | ||
|---|---|---|---|
| 003 | CEME | ||
| 005 | 20210628203203.0 | ||
| 008 | 210420b xxu||||| |||| 00| 0 eng d | ||
| 040 | _c. | ||
| 082 | _a670.42 BAK | ||
| 100 |
_aBaker,Wright _959335 |
||
| 245 | _aModern workshop technology part 11 , machine tools and metrology | ||
| 260 |
_aLONDON _bCLEAVER HUME _c1950 |
||
| 300 | _a514P | ||
| 942 |
_cBK _2ddc |
||
| 999 |
_c572549 _d572549 |
||